Municipalities of Marathon County, Wisconsin - Statistics

General Stats
  • This quiz has been taken 31 times
  • The average score is 18 of 63
Answers on the Map
Answers color-coded by a green-red scale on the quiz's map according to % correct below.
 
Answer Stats
Answer % Correct
City of Wausau
92%
Town of Wausau
92%
Town of Marathon
83%
Census Designated Place of Rib Mountain
75%
Town of Rib Mountain
75%
Town of Weston
75%
Village of Weston
75%
City of Mosinee
67%
City of Schofield
67%
Town of Mosinee
67%
Village of Kronenwetter
67%
Village of Rothschild
67%
Village of Edgar
58%
Village of Athens
50%
City of Abbotsford
42%
City of Marshfield
42%
Town of Spencer
42%
Village of Maine
42%
Village of Marathon City
42%
Village of Spencer
42%
Village of Stratford
42%
Census Designated Place of Knowlton
33%
Town of Knowlton
33%
Village of Unity
33%
City of Colby
25%
Town of Elderon
25%
Village of Elderon
25%
Village of Hatley
25%
Town of Bern
17%
Town of Plover
17%
Town of Ringle
17%
Town of Stettin
17%
Town of Texas
17%
Village of Birnamwood
17%
Town of Bergen
8%
Town of Berlin
8%
Town of Brighton
8%
Town of Cassel
8%
Town of Cleveland
8%
Town of Day
8%
Town of Eau Pleine
8%
Town of Emmet
8%
Town of Frankfort
8%
Town of Halsey
8%
Town of Hamburg
8%
Town of Harrison
8%
Town of Hewitt
8%
Town of Holton
8%
Town of Johnson
8%
Town of McMillan
8%
Town of Rietbrock
8%
Town of Wien
8%
Village of Dorchester
8%
Town of Bevent
0%
Town of Easton
0%
Town of Franzen
0%
Town of Green Valley
0%
Town of Guenther
0%
Town of Hull
0%
Town of Norrie
0%
Town of Reid
0%
Town of Rib Falls
0%
Village of Fenwood
0%
No matching quizzes found
Score Distribution
Percent of People with Each Score
Percentile by Number Answered
Your Score History
You have not taken this quiz